Fluid mechanics / (Record no. 527264)
[ view plain ]
| 000 -LEADER | |
|---|---|
| fixed length control field | 00430nam a22001577a 4500 |
| 020 ## - INTERNATIONAL STANDARD BOOK NUMBER | |
| International Standard Book Number | 9789380027654 |
| Qualifying information | Pbk |
| 082 ## - DEWEY DECIMAL CLASSIFICATION NUMBER | |
| Classification number | 620.106 |
| Author Mark | KUM |
| 100 ## - MAIN ENTRY--PERSONAL NAME | |
| Personal name | Kumar, D.S. |
| 245 ## - TITLE STATEMENT | |
| Title | Fluid mechanics / |
| Statement of responsibility, etc. | D. S. Kumar |
| 260 ## - PUBLICATION, DISTRIBUTION, ETC. | |
| Place of publication, distribution, etc. | New Delhi: |
| Name of publisher, distributor, etc. | S.K. Kataria sons, |
| Date of publication, distribution, etc. | 2009 |
| 300 ## - PHYSICAL DESCRIPTION | |
| Extent | 507 p. |
| 942 ## - ADDED ENTRY ELEMENTS (KOHA) | |
| Source of classification or shelving scheme | |
| Koha item type | Book |
| 650 ## - SUBJECT ADDED ENTRY--TOPICAL TERM | |
| Topical term or geographic name entry element | Mechanics |
| 650 ## - SUBJECT ADDED ENTRY--TOPICAL TERM | |
| -- | 10681 |
| Withdrawn status | Lost status | Source of classification or shelving scheme | Damaged status | Not for loan | Permanent Location | Current Location | Shelving location | Date acquired | Source of acquisition | Cost, normal purchase price | Full call number | Barcode | Date last seen | Copy number | Price effective from | Koha item type |
|---|---|---|---|---|---|---|---|---|---|---|---|---|---|---|---|---|
| NUST Baluchistan Campus (NBC) | NUST Baluchistan Campus (NBC) | Book Cart | 07/23/2019 | Purchased | 0.00 | 620.106 KUM | Q-182 | 07/23/2019 | 1 | 07/23/2019 | Book | |||||
| NUST Baluchistan Campus (NBC) | NUST Baluchistan Campus (NBC) | Book Cart | 07/23/2019 | Purchased | 0.00 | 620.106 KUM | Q-183 | 07/23/2019 | 2 | 07/23/2019 | Book |
